• 首页
  • 本馆介绍
  • 公告通知
  • 最新文献
  • 馆藏检索
  • 电子资源
  • 读者导购
  • 参考咨询
  • 我的图书馆
  • 登录
  • 详细信息显示
  • 放入我的书架
  • 预约/预借图书
  • 作者相关作品
  • 分类相关作品
  • 丛书相关作品
  • 出版社相关作品

书目信息

  • 表格格式
  • 工作单格式
  • 卡片格式
题名:
深度学习实践指南
    
 
作者: 刘易斯 著 ;沙灜 译
分册:  
出版信息: 北京   人民邮电出版社  2018.06
页数: 182页
开本: 23cm
丛书名:
单 册:
中图分类: TP312.8R , TP312
科图分类:
主题词: 程序语言--程序设计
电子资源:
ISBN: 978-7-115-47777-4
000 00946nam0 2200265 450
001 9
005 20180920161354.72
010    @a978-7-115-47777-4@dCNY69.00
100    @a20180714d2018 em y0chiy50 ea
101 1  @achi@ceng
102    @aCN@b110000
105    @aa z 000yy
200 1  @a深度学习实践指南@9shen du xue xi shi jian zhi nan@e基于R语言@f(英)尼格尔·刘易斯(N.D. Lewis)著@g沙灜译
210    @a北京@c人民邮电出版社@d2018.06
215    @a182页@c图@d23cm
300    @a深度学习系列
330    @a本书详细讲解了深度神经网络、Elman 神经网络、Jordan 神经网络、自编码器、堆叠自编码器、限制玻尔兹曼机的相关知识。
510 1  @aDeep learning easy with R:A gentle introduction for data science@zeng
606 0  @a程序语言@x程序设计
690    @aTP312.8R@v5
690    @aTP312@v4
701  0 @c(英)@a刘易斯@9liu yi si@c(Lewis, N. D.)@4著
702  0 @a沙灜@9sha ying@4译
801  0 @aCN@b91MARC@c20180714
905    @aMuseLib@dTP312@e1274
    
    深度学习实践指南:基于R语言/(英)尼格尔·刘易斯(N.D. Lewis)著/沙灜译.-北京:人民邮电出版社,2018.06
    182页:图;23cm
    深度学习系列
    
    ISBN 978-7-115-47777-4:CNY69.00
    本书详细讲解了深度神经网络、Elman 神经网络、Jordan 神经网络、自编码器、堆叠自编码器、限制玻尔兹曼机的相关知识。
●
相关链接 在E读中查询图书 在五车中查询图书 在当当中查询图书 在豆瓣中查询图书


正题名:深度学习实践指南     索取号:TP312/1274         预约/预借

序号 登录号 条形码 馆藏地/架位号 状态 备注
1 1117789   211177894   第二样本阅览室/ [索取号:TP312/1274] 在馆    
2 1117790   211177901   第三借阅区/ [索取号:TP312/1274] 在馆    
3 1117791   211177910   第三借阅区/ [索取号:TP312/1274] 在馆    
4 1117792   211177929   第三借阅区/ [索取号:TP312/1274] 在馆    
5 1117793   211177938   第三借阅区/ [索取号:TP312/1274] 在馆    
唐山师范学院图书馆 欢迎您!
大连网信软件有限公司© 版权所有